000 00537pab a2200193 454500
008 180718b2007 xxu||||| |||| 00| 0 eng d
100 _aJain, Ravindra
245 _aICT education and training services: current scenario and future prospects in India
260 _c2007
300 _ap.41-55.
362 _aApr-Jun
650 _aCommunication technology - India
650 _aInformation technology - India
650 _aInformation technology
700 _aAgrawal, Richa
773 _aVision
908 _aN
909 _a75422
999 _c75422
_d75422